000 00964nam a2200205Ia 4500
999 _c37854
_d37854
001 3832
003 GE_BSU
005 20190822174829.0
008 181216s1984||||ge |||||||||||||| ||geo||
040 _cGE_BSU
041 _ageo
080 _a2 გ–12
100 _aგაბიძაშვილი, ოთარ
_93753
245 _aრელიგიის სოციოლოგიის საკითხები /
_cრედ. რ. ანდრიაშვილი; საქ. სსრ მეცნ. აკადემიის პრეზიდიუმთან არსებული სამეცნ.-ათეისტური კომისია.
264 _aთბ. :
_bმეცნიერება,
_c1984.
300 _a76 გვ. ;
_b21 სმ.
653 _aრელიგიის სოციოლოგია
700 _aანდრიაშვილი, რ.
_eრედაქტორი
_93754
942 _cBK
_2udc